Democracia y movimientos sociales en América Latina/
Guardado en:
| Autor principal: | |
|---|---|
| Formato: | Libro |
| Lenguaje: | Spanish |
| Etiquetas: |
Agregar Etiqueta
Sin Etiquetas, Sea el primero en etiquetar este registro!
|
MARC
| LEADER | 00000nam a22000007a 4500 | ||
|---|---|---|---|
| 003 | cru CIDCACS/IIS | ||
| 005 | 20190307154623.0 | ||
| 007 | ta | ||
| 008 | 190307t1991 sp |||p|r||||||0| ||spa|d | ||
| 999 | |c 42236 |d 42236 | ||
| 040 | |c cru CIDCACS/IIS | ||
| 100 | 1 | |9 8370 |a Paramio, Ludolfo | |
| 245 | 1 | |a Democracia y movimientos sociales en América Latina/ |c Ludolfo Paramio | |
| 300 | |a páginas 13-17 | ||
| 942 | |2 ddc |c PP | ||
| 773 | 0 | |0 42224 |9 2725 |a Semanario de Estudios Políticos sobre América Latina (SEPLA) |d Madrid: SEPLA, 1991- |o 08747 |t América Latina: | |
